Statistics for Real Betis 2018/2019 Squad

Click here to take the quiz!

General Stats

  • This quiz has been taken 16 times
    (10 since last reset)
  • The average score is 15 of 21

Answer Stats

No.Answer% Correct
5Spain (DF)Marc Bartra
100%
12Brazil (DF)Sidnei
86%
18Mexico (MF)Andrés Guardado
86%
16Spain (FW)Loren
86%
8France (MF)Nabil Fekir
86%
14Portugal (MF)William Carvalho
86%
-Spain (MAN)Rubi
71%
20Mexico (FW)Diego Lainez
71%
19Spain (DF)Antonio Barragán
71%
17Spain (FW)Joaquín
71%
23Algeria (DF)Aïssa Mandi
71%
1Spain (GK)Joel Robles
71%
10Spain (MF)Sergio Canales
71%
4Morocco (DF)Zouhair Feddal
71%
2Spain (DF)Francis
71%
13Spain (GK)Dani Martín
57%
7Spain (FW)Juanmi
57%
6Spain (DF)Alfonso Pedraza
57%
3Spain (MF)Javi García
57%
22Brazil (DF)Emerson
57%
11Spain (FW)Cristian Tello
43%

Score Distribution

Percentile by Number Answered

Percent of People with Each Score

Your Score History

You have not taken this quiz since the last reset